[Event "European Individual Blitz Chess Championship 2016"]
[Site "?"]
[Date "2016.12.17"]
[Round "9.13"]
[White "Martinovic, Sasa"]
[Black "Ponkratov, Pavel"]
[Result "0-1"]
[BlackElo "2657"]
[WhiteElo "2496"]
[LiveChessVersion "1.4.7"]

1. d4 {[%clk 0:03:04]} Nf6 {[%clk 0:03:03]} 2. Bg5 {[%clk 0:03:05]} c5
{[%clk 0:03:03]} 3. Bxf6 {[%clk 0:03:06]} gxf6 {[%clk 0:03:04]} 4. d5
{[%clk 0:03:07]} Qb6 5. Qc1 f5 {[%clk 0:03:05]} 6. c4 {[%clk 0:03:10]} Bh6
{[%clk 0:03:02]} 7. Qc2 {[%clk 0:02:55]} Na6 {[%clk 0:02:59]} 8. a3
{[%clk 0:02:54]} Qf6 {[%clk 0:02:55]} 9. Nc3 {[%clk 0:02:50]} Nc7
{[%clk 0:02:54]} 10. g3 {[%clk 0:02:37]} f4 {[%clk 0:02:51]} 11. Bh3
{[%clk 0:02:23]} b5 {[%clk 0:02:24]} 12. cxb5 {[%clk 0:02:19]} Bb7
{[%clk 0:02:07]} 13. Ne4 {[%clk 0:01:46]} Qe5 {[%clk 0:02:06]} 14. Nf3
{[%clk 0:01:16]} Qxd5 {[%clk 0:02:02]} 15. Nxc5 {[%clk 0:01:17]} d6
{[%clk 0:01:16]} 16. Bd7+ {[%clk 0:00:58]} Kd8 {[%clk 0:01:17]} 17. Nxb7+
{[%clk 0:00:59]} Kxd7 {[%clk 0:01:18]} 18. Na5 {[%clk 0:00:23]} Qxb5
{[%clk 0:01:19]} 19. Nc4 {[%clk 0:00:18]} Ne6 {[%clk 0:01:18]} 20. O-O
{[%clk 0:00:08]} fxg3 {[%clk 0:01:19]} 21. hxg3 {[%clk 0:00:10]} Rac8
{[%clk 0:01:20]} 22. b3 {[%clk 0:00:11]} Bg7 {[%clk 0:01:17]} 23. Rad1
{[%clk 0:00:13]} h5 {[%clk 0:01:16]} 24. Qe4 {[%clk 0:00:14]} h4 {[%clk 0:01:05]}
25. Nxh4 {[%clk 0:00:07]} Rh5 {[%clk 0:00:56]} 26. Qg4 {[%clk 0:00:06]} Bf6
{[%clk 0:00:52]} 27. Nf3 {[%clk 0:00:05]} Rch8 {[%clk 0:00:38]} 28. b4
{[%clk 0:00:07]} Qb7 {[%clk 0:00:34]} 29. e4 {[%clk 0:00:05]} Qb5
{[%clk 0:00:22]} 30. Ncd2 {[%clk 0:00:06]} Ke8 {[%clk 0:00:18]} 31. Kg2
{[%clk 0:00:07]} Qd3 {[%clk 0:00:16]} 32. Rh1 {[%clk 0:00:06]} Rxh1
{[%clk 0:00:16]} 33. Rxh1 {[%clk 0:00:07]} Rxh1 34. Kxh1 {[%clk 0:00:09]} Qxa3
{[%clk 0:00:17]} 35. b5 {[%clk 0:00:06]} Qb4 {[%clk 0:00:15]} 36. Qh5
{[%clk 0:00:08]} Nc5 {[%clk 0:00:14]} 37. e5 {[%clk 0:00:05]} dxe5
{[%clk 0:00:13]} 38. Kg2 {[%clk 0:00:05]} Qxb5 {[%clk 0:00:11]} 39. Nxe5
{[%clk 0:00:05]} Qb7+ {[%clk 0:00:11]} 40. Ndf3 {[%clk 0:00:06]} Qd5
{[%clk 0:00:12]} 41. Qf5 {[%clk 0:00:03]} Nd7 {[%clk 0:00:11]} 42. Qxd7+
{[%clk 0:00:04]} Qxd7 {[%clk 0:00:12]} 43. Nxd7 {[%clk 0:00:05]} Kxd7
{[%clk 0:00:13]} 44. Nd2 {[%clk 0:00:04]} a5 {[%clk 0:00:14]} 45. Kf3
{[%clk 0:00:04]} Kc6 {[%clk 0:00:16]} 46. Ke4 {[%clk 0:00:05]} Kc5
{[%clk 0:00:17]} 47. g4 {[%clk 0:00:05]} a4 {[%clk 0:00:17]} 48. Nb1
{[%clk 0:00:06]} Kc4 {[%clk 0:00:17]} 49. f4 {[%clk 0:00:06]} Kb3
{[%clk 0:00:18]} 50. g5 {[%clk 0:00:08]} Bg7 {[%clk 0:00:15]} 51. f5
{[%clk 0:00:04]} Bb2 {[%clk 0:00:11]} 52. Kd5 {[%clk 0:00:03]} Kc2
{[%clk 0:00:11]} 53. g6 {[%clk 0:00:04]} fxg6 {[%clk 0:00:12]} 54. Kd4 0-1

[Event "European Individual Blitz Chess Championship 2016"]
[Site "?"]
[Date "2016.12.17"]
[Round "9.16"]
[White "Kobalia, Mikhail"]
[Black "Timerkhanov, Alexander"]
[Result "1-0"]
[BlackElo "2337"]
[WhiteElo "2625"]
[LiveChessVersion "1.4.7"]

1. e4 {[%clk 0:03:03]} c5 {[%clk 0:03:03]} 2. Nf3 {[%clk 0:03:03]} d6
{[%clk 0:03:05]} 3. Bb5+ {[%clk 0:03:04]} Nd7 {[%clk 0:03:06]} 4. O-O
{[%clk 0:03:04]} Ngf6 {[%clk 0:03:07]} 5. Re1 {[%clk 0:03:05]} a6
{[%clk 0:03:08]} 6. Bf1 {[%clk 0:03:05]} e5 {[%clk 0:03:09]} 7. c3
{[%clk 0:03:06]} Be7 {[%clk 0:03:08]} 8. d4 {[%clk 0:03:07]} Qc7 {[%clk 0:03:09]}
9. a4 {[%clk 0:03:01]} O-O {[%clk 0:03:09]} 10. a5 {[%clk 0:02:58]} Re8
{[%clk 0:01:54]} 11. dxe5 {[%clk 0:02:59]} dxe5 {[%clk 0:01:50]} 12. Nbd2
{[%clk 0:02:59]} Nf8 {[%clk 0:01:51]} 13. Nc4 {[%clk 0:02:56]} Bg4
{[%clk 0:01:51]} 14. Ncxe5 {[%clk 0:02:36]} Qxe5 {[%clk 0:01:26]} 15. Nxe5
{[%clk 0:02:37]} Bxd1 {[%clk 0:01:26]} 16. Rxd1 {[%clk 0:02:38]} Nxe4
{[%clk 0:01:24]} 17. Bc4 {[%clk 0:02:28]} Nd6 {[%clk 0:01:20]} 18. Bb3
{[%clk 0:02:06]} Ng6 {[%clk 0:01:17]} 19. Nxg6 {[%clk 0:01:55]} hxg6
{[%clk 0:01:18]} 20. Bf4 {[%clk 0:01:56]} Rad8 {[%clk 0:01:18]} 21. g3
{[%clk 0:01:48]} g5 {[%clk 0:00:56]} 22. Bxd6 {[%clk 0:01:26]} Rxd6
{[%clk 0:00:41]} 23. Rxd6 {[%clk 0:01:27]} Bxd6 {[%clk 0:00:42]} 24. Rd1
{[%clk 0:01:28]} Rd8 {[%clk 0:00:37]} 25. Rd5 {[%clk 0:01:14]} Be7
{[%clk 0:00:31]} 26. Rf5 {[%clk 0:01:15]} Bf6 {[%clk 0:00:19]} 27. Rxc5
{[%clk 0:01:16]} Rd2 {[%clk 0:00:20]} 28. Rc7 {[%clk 0:00:58]} Rxb2
{[%clk 0:00:18]} 29. Bxf7+ {[%clk 0:00:58]} Kh7 {[%clk 0:00:17]} 30. Bd5
{[%clk 0:00:59]} Rb5 {[%clk 0:00:12]} 31. Be4+ {[%clk 0:00:58]} Kg8
{[%clk 0:00:14]} 32. Bg6 {[%clk 0:00:56]} Kf8 {[%clk 0:00:13]} 33. Rf7+
{[%clk 0:00:54]} Kg8 {[%clk 0:00:14]} 34. Rc7 {[%clk 0:00:53]} Kf8
{[%clk 0:00:15]} 35. c4 {[%clk 0:00:49]} Rxa5 {[%clk 0:00:17]} 36. Rxb7
{[%clk 0:00:51]} Rc5 {[%clk 0:00:14]} 37. Bf7 {[%clk 0:00:50]} a5
{[%clk 0:00:15]} 38. Bd5 {[%clk 0:00:49]} Bc3 {[%clk 0:00:16]} 39. Ra7
{[%clk 0:00:50]} Be5 {[%clk 0:00:09]} 40. Kg2 {[%clk 0:00:49]} Bc7
{[%clk 0:00:10]} 41. Kf3 {[%clk 0:00:48]} Ke7 {[%clk 0:00:12]} 42. Kg4
{[%clk 0:00:49]} Kf6 {[%clk 0:00:05]} 43. Ra6+ {[%clk 0:00:50]} Ke5
{[%clk 0:00:05]} 44. Kxg5 {[%clk 0:00:49]} Bd8+ {[%clk 0:00:05]} 45. Kg6
{[%clk 0:00:49]} Rc7 {[%clk 0:00:06]} 46. Rxa5 {[%clk 0:00:43]} Kd4
{[%clk 0:00:07]} 47. Rb5 {[%clk 0:00:38]} Bf6 {[%clk 0:00:08]} 48. h4
{[%clk 0:00:35]} Re7 {[%clk 0:00:10]} 49. h5 {[%clk 0:00:26]} Re5
{[%clk 0:00:10]} 50. f4 {[%clk 0:00:26]} Re3 {[%clk 0:00:11]} 51. g4
{[%clk 0:00:26]} Rg3 {[%clk 0:00:09]} 52. g5 {[%clk 0:00:27]} Ke3
{[%clk 0:00:11]} 53. Rb3+ {[%clk 0:00:27]} 1-0

[Event "European Individual Blitz Chess Championship 2016"]
[Site "?"]
[Date "2016.12.17"]
[Round "9.26"]
[White "Lobanov, Sergei"]
[Black "Cvitan, Ognjen"]
[Result "1-0"]
[BlackElo "2647"]
[WhiteElo "2410"]
[LiveChessVersion "1.4.7"]

1. e4 {[%clk 0:03:04]} c5 {[%clk 0:03:03]} 2. Nf3 {[%clk 0:03:05]} d6 3. d4 cxd4
{[%clk 0:03:05]} 4. Nxd4 {[%clk 0:03:08]} Nf6 {[%clk 0:03:03]} 5. Nc3
{[%clk 0:03:09]} g6 {[%clk 0:03:03]} 6. Be2 {[%clk 0:03:09]} Bg7 {[%clk 0:03:03]}
7. Be3 {[%clk 0:03:10]} Nc6 {[%clk 0:03:03]} 8. Nb3 {[%clk 0:03:12]} O-O
{[%clk 0:03:01]} 9. O-O {[%clk 0:03:12]} Be6 {[%clk 0:02:58]} 10. f4
{[%clk 0:03:13]} Qc8 {[%clk 0:02:57]} 11. h3 {[%clk 0:03:06]} Rd8
{[%clk 0:02:57]} 12. Bf3 {[%clk 0:03:02]} Bc4 {[%clk 0:02:42]} 13. Rf2
{[%clk 0:03:02]} e5 {[%clk 0:02:41]} 14. f5 {[%clk 0:02:33]} gxf5
{[%clk 0:01:20]} 15. exf5 {[%clk 0:02:34]} d5 {[%clk 0:01:21]} 16. Bg5
{[%clk 0:02:35]} e4 {[%clk 0:01:15]} 17. Be2 {[%clk 0:02:26]} h6 {[%clk 0:01:01]}
18. Bxf6 {[%clk 0:02:26]} Bxf6 {[%clk 0:01:02]} 19. Bxc4 {[%clk 0:02:27]} dxc4
{[%clk 0:01:02]} 20. Qg4+ {[%clk 0:02:29]} Kh7 {[%clk 0:00:59]} 21. Nxe4
{[%clk 0:02:29]} Bxb2 {[%clk 0:00:44]} 22. Qh5 {[%clk 0:01:48]} Rg8
{[%clk 0:00:26]} 23. Rb1 {[%clk 0:01:38]} Be5 {[%clk 0:00:23]} 24. Qxf7+
{[%clk 0:01:27]} Rg7 {[%clk 0:00:24]} 25. Qxc4 {[%clk 0:01:29]} Nd4
{[%clk 0:00:21]} 26. Qd3 {[%clk 0:01:20]} Nxb3 {[%clk 0:00:18]} 27. axb3
{[%clk 0:01:21]} Rd7 {[%clk 0:00:18]} 28. Qf3 {[%clk 0:01:15]} Bd4
{[%clk 0:00:18]} 29. Kh1 {[%clk 0:01:04]} Qc6 {[%clk 0:00:19]} 30. Rd1
{[%clk 0:00:58]} Rad8 {[%clk 0:00:17]} 31. Rfd2 {[%clk 0:00:59]} Be5
{[%clk 0:00:14]} 32. Rxd7+ {[%clk 0:00:34]} Rxd7 {[%clk 0:00:15]} 33. Rxd7+
{[%clk 0:00:31]} Qxd7 {[%clk 0:00:16]} 34. Qh5 {[%clk 0:00:31]} Qd4
{[%clk 0:00:05]} 35. Qg6+ {[%clk 0:00:27]} Kh8 {[%clk 0:00:06]} 36. Qxh6+
{[%clk 0:00:28]} Kg8 {[%clk 0:00:08]} 37. Qg6+ {[%clk 0:00:16]} Kf8
{[%clk 0:00:09]} 38. Qh6+ {[%clk 0:00:13]} Kg8 {[%clk 0:00:10]} 39. Qe6+
{[%clk 0:00:14]} Kf8 {[%clk 0:00:09]} 40. Qc8+ {[%clk 0:00:15]} Kg7
{[%clk 0:00:09]} 41. Qxb7+ {[%clk 0:00:15]} Kh6 {[%clk 0:00:10]} 42. Qc6+
{[%clk 0:00:16]} Kh5 {[%clk 0:00:09]} 43. Qg6+ {[%clk 0:00:17]} Kh4
{[%clk 0:00:10]} 44. Qg4# a6 1-0

[Event "European Individual Blitz Chess Championship 2016"]
[Site "?"]
[Date "2016.12.17"]
[Round "9.32"]
[White "Kukk, Sander"]
[Black "Anton Guijarro, David"]
[Result "0-1"]
[BlackElo "2600"]
[WhiteElo "2344"]
[LiveChessVersion "1.4.7"]

1. b3 {[%clk 0:03:03]} e5 {[%clk 0:03:02]} 2. Bb2 {[%clk 0:03:04]} Nc6
{[%clk 0:03:03]} 3. e3 {[%clk 0:03:05]} d5 {[%clk 0:03:05]} 4. Bb5
{[%clk 0:02:50]} Bd6 {[%clk 0:03:06]} 5. c4 {[%clk 0:02:50]} a6 {[%clk 0:02:46]}
6. Ba4 {[%clk 0:02:51]} Nge7 {[%clk 0:02:40]} 7. cxd5 {[%clk 0:02:44]} Nxd5
{[%clk 0:02:39]} 8. Bxc6+ {[%clk 0:02:43]} bxc6 {[%clk 0:02:40]} 9. Nf3
{[%clk 0:02:32]} f6 {[%clk 0:02:38]} 10. h3 {[%clk 0:02:26]} Nb4 {[%clk 0:02:28]}
11. O-O {[%clk 0:02:14]} Nd3 {[%clk 0:02:25]} 12. Ba3 {[%clk 0:02:04]} c5
{[%clk 0:02:07]} 13. Ne1 {[%clk 0:01:58]} Nxe1 {[%clk 0:02:01]} 14. Rxe1
{[%clk 0:01:55]} O-O {[%clk 0:02:01]} 15. Nc3 {[%clk 0:01:55]} Be6
{[%clk 0:01:58]} 16. d3 {[%clk 0:01:46]} Qd7 {[%clk 0:01:45]} 17. Rc1
{[%clk 0:01:44]} Bxh3 {[%clk 0:01:35]} 18. Qf3 {[%clk 0:00:44]} Bg4
{[%clk 0:01:31]} 19. Qd5+ {[%clk 0:00:22]} Be6 {[%clk 0:01:31]} 20. Qf3
{[%clk 0:00:22]} f5 {[%clk 0:00:38]} 21. Na4 {[%clk 0:00:19]} Qe7
{[%clk 0:00:39]} 22. Bxc5 {[%clk 0:00:16]} Rab8 {[%clk 0:00:27]} 23. Bxd6
{[%clk 0:00:09]} cxd6 {[%clk 0:00:27]} 24. Rc2 {[%clk 0:00:07]} f4
{[%clk 0:00:26]} 25. e4 {[%clk 0:00:05]} Qg5 {[%clk 0:00:23]} 0-1

[Event "European Individual Blitz Chess Championship 2016"]
[Site "?"]
[Date "2016.12.17"]
[Round "10.13"]
[White "Ponkratov, Pavel"]
[Black "Martinovic, Sasa"]
[Result "1/2-1/2"]
[BlackElo "2496"]
[WhiteElo "2657"]
[LiveChessVersion "1.4.7"]

1. e4 {[%clk 0:03:03]} c5 {[%clk 0:03:04]} 2. Nf3 Nc6 3. Bb5 {[%clk 0:03:04]} e6
{[%clk 0:03:07]} 4. O-O {[%clk 0:03:04]} Nge7 {[%clk 0:03:08]} 5. Re1
{[%clk 0:03:05]} a6 {[%clk 0:03:09]} 6. Bf1 {[%clk 0:03:06]} d5 {[%clk 0:03:11]}
7. exd5 {[%clk 0:03:04]} Nxd5 {[%clk 0:03:10]} 8. d4 {[%clk 0:03:04]} Nf6
{[%clk 0:03:11]} 9. Be3 {[%clk 0:02:57]} Be7 {[%clk 0:02:58]} 10. dxc5
{[%clk 0:02:50]} Qxd1 {[%clk 0:02:58]} 11. Rxd1 {[%clk 0:02:51]} Ng4
{[%clk 0:02:59]} 12. Bf4 {[%clk 0:02:50]} Bxc5 {[%clk 0:02:57]} 13. Bg3
{[%clk 0:02:51]} Bd7 {[%clk 0:02:11]} 14. h3 {[%clk 0:02:51]} Nf6
{[%clk 0:02:12]} 15. Nbd2 {[%clk 0:02:51]} Ke7 {[%clk 0:02:07]} 16. a3
{[%clk 0:02:46]} Rhd8 {[%clk 0:02:00]} 17. b4 {[%clk 0:02:46]} Bd6
{[%clk 0:01:54]} 18. Bh4 {[%clk 0:02:45]} h6 {[%clk 0:01:52]} 19. Ne4
{[%clk 0:02:44]} Bc7 {[%clk 0:01:42]} 20. Nxf6 {[%clk 0:02:39]} gxf6
{[%clk 0:01:43]} 21. c4 {[%clk 0:02:36]} Ne5 {[%clk 0:01:41]} 22. Be2
{[%clk 0:02:19]} Ba4 {[%clk 0:01:37]} 23. Re1 {[%clk 0:01:59]} Ng6
{[%clk 0:01:33]} 24. Bg3 {[%clk 0:01:58]} Bxg3 {[%clk 0:01:34]} 25. fxg3
{[%clk 0:01:59]} Ne5 {[%clk 0:01:33]} 26. Nxe5 {[%clk 0:01:58]} fxe5
{[%clk 0:01:35]} 27. Bf3 {[%clk 0:01:59]} Bc6 {[%clk 0:01:30]} 28. Bxc6
{[%clk 0:01:59]} bxc6 {[%clk 0:01:32]} 29. Rxe5 {[%clk 0:02:00]} Rd2
{[%clk 0:01:33]} 30. Rf1 {[%clk 0:01:55]} Ra2 {[%clk 0:01:28]} 31. Ra5
{[%clk 0:01:54]} Rd8 {[%clk 0:01:29]} 32. Rxa6 {[%clk 0:01:45]} Rdd2
{[%clk 0:01:31]} 33. Ra7+ {[%clk 0:01:46]} Kd6 {[%clk 0:01:27]} 34. Rfxf7
{[%clk 0:01:22]} Rxg2+ {[%clk 0:01:28]} 35. Kf1 {[%clk 0:01:23]} Rh2
{[%clk 0:01:16]} 36. Kg1 {[%clk 0:00:59]} Rhg2+ {[%clk 0:01:16]} 37. Kf1
{[%clk 0:00:59]} Rh2 {[%clk 0:01:17]} 38. Kg1 {[%clk 0:01:00]} Rhg2+
{[%clk 0:01:05]} 39. Kf1 {[%clk 0:01:01]} Rxg3 {[%clk 0:01:06]} 40. Rad7+
{[%clk 0:00:28]} Ke5 {[%clk 0:01:08]} 41. Rf2 {[%clk 0:00:28]} Ra1+
{[%clk 0:01:04]} 42. Ke2 {[%clk 0:00:27]} Rgxa3 {[%clk 0:01:04]} 43. b5
{[%clk 0:00:18]} cxb5 {[%clk 0:00:58]} 44. cxb5 {[%clk 0:00:19]} Rxh3
{[%clk 0:00:57]} 45. Rd2 {[%clk 0:00:15]} Rb1 {[%clk 0:00:55]} 46. Rg2
{[%clk 0:00:10]} Kf5 {[%clk 0:00:51]} 47. Rf2+ {[%clk 0:00:09]} Ke5
{[%clk 0:00:53]} 48. Rg2 Kf6 49. Rf2+ {[%clk 0:00:10]} Ke7 {[%clk 0:00:56]} 50.
Rg2 {[%clk 0:00:11]} Rxb5 51. Ra2 Re5+ {[%clk 0:00:49]} 52. Kf2 {[%clk 0:00:13]}
Rf5+ {[%clk 0:00:50]} 53. Ke2 {[%clk 0:00:14]} Rg5 {[%clk 0:00:47]} 54. Rf2
{[%clk 0:00:13]} Re5+ {[%clk 0:00:46]} 55. Kd2 {[%clk 0:00:14]} Rf5
{[%clk 0:00:44]} 56. Rg2 {[%clk 0:00:14]} Kf6 {[%clk 0:00:44]} 57. Ra8
{[%clk 0:00:15]} Rhf3 {[%clk 0:00:39]} 58. Rf8+ {[%clk 0:00:14]} Ke5
{[%clk 0:00:40]} 59. Re2+ {[%clk 0:00:14]} Kd4 {[%clk 0:00:33]} 60. Rh8
{[%clk 0:00:08]} Rd3+ {[%clk 0:00:32]} 61. Kc2 {[%clk 0:00:10]} Rc5+
{[%clk 0:00:33]} 62. Kb2 {[%clk 0:00:11]} Rb5+ {[%clk 0:00:22]} 63. Ka2
{[%clk 0:00:09]} e5 {[%clk 0:00:16]} 64. Rxh6 {[%clk 0:00:06]} Rc3
{[%clk 0:00:10]} 65. Rd6+ {[%clk 0:00:07]} Kc4 {[%clk 0:00:09]} 66. Re4+
{[%clk 0:00:05]} Kc5 {[%clk 0:00:06]} 67. Rxe5+ {[%clk 0:00:06]} Kxd6
{[%clk 0:00:07]} 68. Rxb5 {[%clk 0:00:07]} Ke5 1/2-1/2

[Event "European Individual Blitz Chess Championship 2016"]
[Site "?"]
[Date "2016.12.17"]
[Round "10.15"]
[White "Novikov, Stanislav"]
[Black "Vallejo Pons, Francisco"]
[Result "1/2-1/2"]
[BlackElo "2648"]
[WhiteElo "2477"]
[LiveChessVersion "1.4.7"]

1. e4 {[%clk 0:03:03]} e5 {[%clk 0:03:03]} 2. Nf3 {[%clk 0:03:04]} Nc6
{[%clk 0:03:04]} 3. Bb5 {[%clk 0:03:05]} Bc5 {[%clk 0:03:05]} 4. O-O
{[%clk 0:03:04]} Nd4 {[%clk 0:03:06]} 5. Nxd4 {[%clk 0:03:03]} Bxd4
{[%clk 0:03:07]} 6. c3 {[%clk 0:03:02]} Bb6 {[%clk 0:03:08]} 7. d4
{[%clk 0:03:01]} c6 {[%clk 0:03:09]} 8. Ba4 {[%clk 0:02:59]} d6 {[%clk 0:03:08]}
9. Re1 {[%clk 0:02:24]} Nf6 {[%clk 0:03:07]} 10. Bg5 {[%clk 0:02:24]} h6
{[%clk 0:03:04]} 11. Bh4 {[%clk 0:02:25]} O-O {[%clk 0:02:27]} 12. Qd3
{[%clk 0:02:16]} Re8 {[%clk 0:02:11]} 13. Nd2 {[%clk 0:02:16]} g5
{[%clk 0:02:05]} 14. Bg3 {[%clk 0:02:16]} Nh5 {[%clk 0:02:04]} 15. Nc4
{[%clk 0:02:06]} Nf4 {[%clk 0:01:54]} 16. Bxf4 {[%clk 0:02:03]} exf4
{[%clk 0:01:46]} 17. e5 {[%clk 0:01:51]} dxe5 {[%clk 0:01:30]} 18. Bc2
{[%clk 0:01:46]} f5 {[%clk 0:00:47]} 19. Rxe5 {[%clk 0:01:44]} Rxe5
{[%clk 0:00:44]} 20. Nxe5 {[%clk 0:01:45]} Kg7 {[%clk 0:00:45]} 21. Qh3
{[%clk 0:01:42]} Qf6 {[%clk 0:00:41]} 22. Re1 {[%clk 0:01:08]} Be6
{[%clk 0:00:42]} 23. Bb3 {[%clk 0:00:52]} Bxb3 {[%clk 0:00:42]} 24. axb3
{[%clk 0:00:54]} Re8 {[%clk 0:00:43]} 25. Qd3 {[%clk 0:00:51]} Bc7
{[%clk 0:00:40]} 26. Nf3 {[%clk 0:00:45]} Rxe1+ {[%clk 0:00:40]} 27. Nxe1
{[%clk 0:00:46]} Qe6 {[%clk 0:00:42]} 28. Qd1 {[%clk 0:00:47]} a5
{[%clk 0:00:35]} 29. Nd3 {[%clk 0:00:46]} Bd6 {[%clk 0:00:36]} 30. Kf1
{[%clk 0:00:42]} Qe4 {[%clk 0:00:33]} 31. f3 {[%clk 0:00:37]} Qe3
{[%clk 0:00:33]} 32. Qe2 {[%clk 0:00:37]} Kf6 {[%clk 0:00:31]} 33. h3
{[%clk 0:00:35]} h5 {[%clk 0:00:31]} 34. Qxe3 {[%clk 0:00:25]} fxe3
{[%clk 0:00:31]} 35. Ke2 {[%clk 0:00:27]} f4 {[%clk 0:00:32]} 36. Nc1
{[%clk 0:00:25]} Ke6 {[%clk 0:00:33]} 37. Kd3 {[%clk 0:00:26]} Kf5
{[%clk 0:00:29]} 38. Ne2 {[%clk 0:00:26]} b5 {[%clk 0:00:25]} 39. c4
{[%clk 0:00:24]} Bb4 {[%clk 0:00:21]} 40. Kc2 {[%clk 0:00:05]} Be1
{[%clk 0:00:17]} 41. Kd3 {[%clk 0:00:06]} Bb4 {[%clk 0:00:17]} 42. Kc2
{[%clk 0:00:07]} g4 {[%clk 0:00:13]} 43. hxg4+ {[%clk 0:00:07]} hxg4
{[%clk 0:00:14]} 44. fxg4+ {[%clk 0:00:05]} Kxg4 {[%clk 0:00:15]} 45. Kd3
{[%clk 0:00:07]} Kf5 {[%clk 0:00:13]} 46. Ng1 {[%clk 0:00:06]} Bd2
{[%clk 0:00:09]} 47. Ne2 {[%clk 0:00:07]} b4 {[%clk 0:00:07]} 48. Ng1
{[%clk 0:00:05]} Bc1 {[%clk 0:00:08]} 49. Kc2 {[%clk 0:00:06]} Bd2
{[%clk 0:00:09]} 50. Kd3 {[%clk 0:00:07]} Bc1 {[%clk 0:00:10]} 51. Kc2
{[%clk 0:00:08]} Bd2 {[%clk 0:00:10]} 52. Kd3 {[%clk 0:00:09]} Bc1
{[%clk 0:00:05]} 53. Kc2 {[%clk 0:00:11]} Bd2 {[%clk 0:00:06]} 54. Kd3
{[%clk 0:00:07]} Bc1 {[%clk 0:00:05]} 55. Kc2 {[%clk 0:00:08]} Bd2 56. Nf3 Ke5
1/2-1/2

[Event "European Individual Blitz Chess Championship 2016"]
[Site "?"]
[Date "2016.12.17"]
[Round "10.16"]
[White "Timerkhanov, Alexander"]
[Black "Kobalia, Mikhail"]
[Result "1-0"]
[BlackElo "2625"]
[WhiteElo "2337"]
[LiveChessVersion "1.4.7"]

1. d4 {[%clk 0:03:02]} f5 {[%clk 0:03:03]} 2. e4 {[%clk 0:03:02]} fxe4
{[%clk 0:03:04]} 3. Nc3 {[%clk 0:03:03]} Nf6 {[%clk 0:03:05]} 4. Bg5
{[%clk 0:03:03]} d5 {[%clk 0:03:06]} 5. Bxf6 {[%clk 0:03:03]} exf6
{[%clk 0:03:06]} 6. Qh5+ {[%clk 0:03:04]} g6 {[%clk 0:03:07]} 7. Qxd5
{[%clk 0:03:05]} Bb4 {[%clk 0:02:34]} 8. Qxe4+ {[%clk 0:03:03]} Kf7
{[%clk 0:02:34]} 9. Bc4+ {[%clk 0:02:50]} Kg7 {[%clk 0:02:35]} 10. Nge2
{[%clk 0:02:47]} Bxc3+ {[%clk 0:02:36]} 11. bxc3 {[%clk 0:02:47]} Re8
{[%clk 0:02:36]} 12. Qf3 {[%clk 0:02:46]} Nd7 {[%clk 0:02:36]} 13. O-O
{[%clk 0:02:44]} Nb6 {[%clk 0:02:38]} 14. Bd3 {[%clk 0:02:43]} Be6
{[%clk 0:02:36]} 15. Nf4 {[%clk 0:02:40]} Bf7 {[%clk 0:02:28]} 16. h4
{[%clk 0:02:27]} c6 {[%clk 0:02:27]} 17. h5 {[%clk 0:02:23]} Nd5 {[%clk 0:02:08]}
18. hxg6 {[%clk 0:02:16]} hxg6 {[%clk 0:02:08]} 19. Nxd5 {[%clk 0:01:59]} Qxd5
{[%clk 0:02:07]} 20. Qxd5 {[%clk 0:02:00]} cxd5 {[%clk 0:02:04]} 21. Rab1
{[%clk 0:01:55]} b6 {[%clk 0:02:03]} 22. Ba6 {[%clk 0:01:41]} Re7
{[%clk 0:02:01]} 23. Rfe1 {[%clk 0:01:41]} Rc7 {[%clk 0:01:53]} 24. Re3
{[%clk 0:01:42]} Re8 {[%clk 0:01:51]} 25. Rbe1 {[%clk 0:01:40]} Kf8
{[%clk 0:01:49]} 26. f4 {[%clk 0:01:29]} Rxc3 {[%clk 0:01:47]} 27. Rxe8+
{[%clk 0:00:16]} Bxe8 {[%clk 0:01:48]} 28. Bd3 {[%clk 0:00:16]} Bf7
{[%clk 0:01:37]} 29. Kf2 {[%clk 0:00:03]} Ra3 30. Ra1 a6 {[%clk 0:01:29]} 31. Ke2
{[%clk 0:00:05]} b5 {[%clk 0:01:30]} 32. Kd2 {[%clk 0:00:06]} b4 {[%clk 0:01:31]}
33. Rb1 {[%clk 0:00:06]} a5 {[%clk 0:01:32]} 34. Rb2 {[%clk 0:00:07]} Kg7
{[%clk 0:01:30]} 35. Kc1 {[%clk 0:00:06]} g5 {[%clk 0:01:30]} 36. fxg5
{[%clk 0:00:07]} fxg5 {[%clk 0:01:32]} 37. Kb1 {[%clk 0:00:05]} Bg6
{[%clk 0:01:33]} 38. Bxg6 {[%clk 0:00:03]} Kxg6 {[%clk 0:01:34]} 39. Rb3
{[%clk 0:00:04]} Rxb3+ {[%clk 0:01:31]} 40. cxb3 {[%clk 0:00:05]} Kf5
{[%clk 0:01:32]} 1-0

[Event "European Individual Blitz Chess Championship 2016"]
[Site "?"]
[Date "2016.12.17"]
[Round "10.20"]
[White "Plat, Vojtech"]
[Black "Ladva, Ottomar"]
[Result "1-0"]
[BlackElo "2468"]
[WhiteElo "2600"]
[LiveChessVersion "1.4.7"]

1. e4 {[%clk 0:03:02]} c5 {[%clk 0:03:02]} 2. Nf3 {[%clk 0:03:03]} e6
{[%clk 0:03:04]} 3. d4 {[%clk 0:03:04]} cxd4 {[%clk 0:03:04]} 4. Nxd4
{[%clk 0:03:05]} Nc6 {[%clk 0:03:05]} 5. Nc3 {[%clk 0:02:58]} Qc7
{[%clk 0:03:06]} 6. Be2 {[%clk 0:02:58]} Nf6 {[%clk 0:03:06]} 7. O-O
{[%clk 0:02:57]} Be7 {[%clk 0:03:07]} 8. Be3 {[%clk 0:02:57]} O-O
{[%clk 0:03:04]} 9. f4 d6 10. Qe1 {[%clk 0:02:59]} Nxd4 {[%clk 0:03:01]} 11. Bxd4
{[%clk 0:03:00]} e5 {[%clk 0:02:59]} 12. Be3 {[%clk 0:02:57]} exf4
{[%clk 0:02:48]} 13. Rxf4 {[%clk 0:02:58]} Be6 {[%clk 0:02:46]} 14. Rd1
{[%clk 0:02:58]} Nd7 {[%clk 0:02:42]} 15. Rf1 {[%clk 0:02:16]} Ne5
{[%clk 0:02:37]} 16. Bd4 {[%clk 0:02:09]} Rfe8 {[%clk 0:02:18]} 17. Qg3
{[%clk 0:02:04]} a6 {[%clk 0:02:11]} 18. Rd2 {[%clk 0:01:52]} Bf8
{[%clk 0:02:02]} 19. Nd5 {[%clk 0:01:50]} Bxd5 {[%clk 0:02:03]} 20. exd5
{[%clk 0:01:51]} g6 {[%clk 0:02:05]} 21. Qf2 {[%clk 0:01:38]} f5 {[%clk 0:01:52]}
22. c4 {[%clk 0:01:34]} Bg7 {[%clk 0:01:43]} 23. Rc2 {[%clk 0:01:33]} Nd7
{[%clk 0:01:18]} 24. Bxg7 {[%clk 0:01:25]} Kxg7 {[%clk 0:01:20]} 25. g4
{[%clk 0:01:26]} Re5 {[%clk 0:01:21]} 26. gxf5 {[%clk 0:01:23]} Rxf5
{[%clk 0:01:10]} 27. Qd4+ {[%clk 0:01:22]} Re5 {[%clk 0:01:10]} 28. b4
{[%clk 0:01:10]} Rae8 {[%clk 0:01:05]} 29. Bg4 {[%clk 0:00:56]} Nf6
{[%clk 0:00:59]} 30. Be6 {[%clk 0:00:56]} Rf8 {[%clk 0:00:41]} 31. c5
{[%clk 0:00:38]} Re4 {[%clk 0:00:36]} 32. Qb2 {[%clk 0:00:36]} dxc5
{[%clk 0:00:35]} 33. bxc5 {[%clk 0:00:30]} Qe5 {[%clk 0:00:36]} 34. Qxb7+
{[%clk 0:00:23]} Kh8 {[%clk 0:00:37]} 35. Rcf2 {[%clk 0:00:18]} Re1
{[%clk 0:00:28]} 36. Qe7 {[%clk 0:00:13]} Qg5+ {[%clk 0:00:09]} 37. Kh1
{[%clk 0:00:14]} Rxf1+ {[%clk 0:00:03]} 38. Rxf1 {[%clk 0:00:16]} 1-0